LEADER 01343nam a2200325 a 4500 001 000000134558 003 CaOOAMICUS 005 20130625095749.0 008 130625s1992 it u000 u ita r 020 $a88-7746-509-3 040 $aPUL$bita 041 1 $aita$hger 100 1 $aJünger, Ernst,$d1895-1998.$0(OLS)http://pul/name/40342 240 10$aRivarol.$lItaliano.$0(OLS)http://pul/title/170151 245 10$aRivarol :$bmassime di un conservatore /$cErnst Jünger ; traduzioni di Brunello Lotti e Marcello Monaldi. 260 $aParma :$bGuanda,$c©1992. 300 $a131 p. ;$c20 cm. 490 1 $aQuaderni della Fenice 600 14$aRivarol, Antoine,$cconte,$d1753-1801.$0(OLS)http://pul/subject/22445 700 1 $aLotti, Brunello.$0(OLS)http://pul/name/61841 700 1 $aMonaldi, Marcello.$0(OLS)http://pul/name/86704 830 0$aQuaderni della Fenice.$0(OLS)http://pul/title/77624 850 $aPUL 852 $aPUL$W1$xDP1 Fondo E. Rossi$y115$m1 R 43$j154764$qFondi$B154281$CPULBib$Z2$F154281 $82 941 1 $a1 961 $aSul dorso collocazione ms. di E. Rossi: R 10 3 0 996 $6020$a88-7746-509-3$9(OLS)http://pul/number/153106 996 $6245$aRivarol :$bmassime di un conservatore$9(OLS)http://pul/title/170150 996 $6260$aParma :$bGuanda$9(OLS)http://pul/publisher/49323 LEADER 01096nam a2200265 a 4500 001 000000163696 003 CaOOAMICUS 005 20171025162525.0 008 171025s1967 it m u000 udita r 032 $aLibriCat 040 $aPUL$bita 100 1 $aBlatnickż, Rudolf.$0(OLS)http://pul/name/31288 245 13$aIl concetto di "Scuola di spiritualitą" / $cR. Blatnicky . 260 $aRomae :$b[s.n.],$c1967. 300 $axxii, 75 p. ;$c24 cm. 502 $aEstratto di Tesi. Pontificium Athenaeum Salesianum. Facultas Theologica.1967. 504 $aBibliografia in nota a pič pagina. 650 04$aSpiritualitą.$0(OLS)http://pul/subject/843 710 2 $aPontificio Ateneo Salesiano$kTesi.$0(OLS)http://pul/name/105057 850 $aPUL 852 $aPUL$W1$xDP1 Tesi Pon. Univ. Salesiana$y46$mTH SAL 78$j187851$qTesi$B190950$CPULBib$Z2$F190950 $H28184 $82 941 1 $a16 996 $6245$aIl concetto di "Scuola di spiritualitą" / $9(OLS)http://pul/title/203401 996 $6260$aRomae :$b[s.n.]$9(OLS)http://pul/publisher/48223